Góp phần đổi mới công tác lý luận - tư tưởng
Uloženo v:
| Hlavní autor: | |
|---|---|
| Médium: | Kniha |
| Jazyk: | Undetermined |
| Vydáno: |
H.
CTQG
1995
|
| Témata: | |
| Tagy: |
Přidat tag
Žádné tagy, Buďte první, kdo otaguje tento záznam!
|
| Thư viện lưu trữ: | Trung tâm Học liệu Trường Đại học Cần Thơ |
|---|
| LEADER | 00546nam a2200193Ia 4500 | ||
|---|---|---|---|
| 001 | CTU_53294 | ||
| 008 | 210402s9999 xx 000 0 und d | ||
| 020 | |b 20000 | ||
| 082 | |a 324.2597075 | ||
| 082 | |b T121 | ||
| 100 | |a Trần Trọng Tân | ||
| 245 | 0 | |a Góp phần đổi mới công tác lý luận - tư tưởng | |
| 245 | 0 | |c Trần Trọng Tân | |
| 260 | |a H. | ||
| 260 | |b CTQG | ||
| 260 | |c 1995 | ||
| 650 | |a communist parties | ||
| 650 | |x vietnam | ||
| 980 | |a Trung tâm Học liệu Trường Đại học Cần Thơ | ||